Southville International School and Colleges
Your cart is empty.
  • Cart
  • Lists
    Public lists Eva Luna New books Lux_list list_1
    Your lists Log in to create your own lists
  • Log in to your account
  • Your cookies
  • Search history
Southville International School and Colleges
  • Advanced search
  • Recent comments
  • Most popular
  • Libraries

Log in to your account

Log in with GOOGLE


If you do not have an external account, but do have a local account, you can still log in:

  1. Home
  2. MARC view: The revised rules of criminal procedure (Rules 110-127) /
Normal view MARC view ISBD view

The revised rules of criminal procedure (Rules 110-127) / (Record no. 14884)

[ view plain ]
MARC details
000 -LEADER
fixed length control field 00516nam a22001697a 4500
003 - CONTROL NUMBER IDENTIFIER
control field PILC
005 - DATE AND TIME OF LATEST TRANSACTION
control field 20150112093445.0
008 - FIXED-LENGTH DATA ELEMENTS--GENERAL INFORMATION
fixed length control field 130214t xxu||||| |||| 00| 0 eng d
020 ## - INTERNATIONAL STANDARD BOOK NUMBER
International Standard Book Number 9712338495
050 ## - LIBRARY OF CONGRESS CALL NUMBER
Classification number KPM 4604.7
Item number .R454 2003
082 ## - DEWEY DECIMAL CLASSIFICATION NUMBER
Classification number Fil 345.599
Item number R86 2003
110 ## - MAIN ENTRY--CORPORATE NAME
Corporate name or jurisdiction name as entry element RBSI Editorial Staff
9 (RLIN) 22843
245 ## - TITLE STATEMENT
Title The revised rules of criminal procedure (Rules 110-127) /
260 ## - PUBLICATION, DISTRIBUTION, ETC. (IMPRINT)
Place of publication, distribution, etc Manila : Rex Book Store, 2003.
Name of publisher, distributor, etc Rex Book Store, 2003.
Date of publication, distribution, etc 2003.
300 ## - PHYSICAL DESCRIPTION
Dimensions 226 pages :
Extent 23 cm.
942 ## - ADDED ENTRY ELEMENTS (KOHA)
Source of classification or shelving scheme Library of Congress Classification
Koha item type Books
Holdings
Withdrawn status Lost status Source of classification or shelving scheme Damaged status Home library Current library Shelving location Date acquired Total Checkouts Full call number Barcode Date last seen Copy number Price effective from Koha item type
    Library of Congress Classification   Southville International School Affiliated with Foreign Universities Library Southville International School Affiliated with Foreign Universities Library Southville Foreign University Section 10/02/2013   KPM 4604.7 .R454 2003 SFU1650 05/15/2018 1 10/02/2013 Books

The revised rules of criminal procedure (Rules 110-127) /

APA

RBSI Editorial Staff, . (2003). The revised rules of criminal procedure (Rules 110-127). Manila : Rex Book Store, 2003: Rex Book Store, 2003.

Chicago

RBSI Editorial Staff, . 2003. The revised rules of criminal procedure (Rules 110-127). Manila : Rex Book Store, 2003: Rex Book Store, 2003.

Harvard

RBSI Editorial Staff, . (2003). The revised rules of criminal procedure (Rules 110-127). Manila : Rex Book Store, 2003: Rex Book Store, 2003.

MLA

RBSI Editorial Staff, . The revised rules of criminal procedure (Rules 110-127). Manila : Rex Book Store, 2003: Rex Book Store, 2003. 2003.

  • Place hold
  • Print
  • Cite
  • Add to your cart (remove)
  • Save record
    BIBTEX Dublin Core MARCXML MARC (non-Unicode/MARC-8) MARC (Unicode/UTF-8) MARC (Unicode/UTF-8, Standard) MODS (XML) RIS
  • More searches
    Search for this title in:
    Other Libraries (WorldCat) Other Databases (Google Scholar) Online Stores (Bookfinder.com) Open Library (openlibrary.org)

Exporting to Dublin Core...

SOUTHVILLE LIBRARY

Southville International School and Colleges Library

1281 Tropical Ave. Cor. Luxembourg St., BF Homes International, Las Pinas City

Tel. No. 8256374 / 252358 Loc. 117/146

Powered by Koha